000 00514nam a2200157 i 4500
001 190243
003 ES-MaACL
005 20230906223658.0
007 t|
008 200930s1888 sp r ||||1| spa d
110 2 _aUniversidad Literaria de Granada.
_9153703
245 1 0 _aMemoria .... de la Universidad Literaria de Granada... y datos estadísticos de la enseñanza...
260 _aGranada :
_b[s.n.],
_c1888.
610 2 4 _aUniversidad Literaria de Granada-
_vMemorias.
_9153704
852 _aES-MaACL
_jT-448-F-2
999 _c190243
_d190243